| 000 | 00796nam a2200253Ia 4500 | ||
|---|---|---|---|
| 003 | OSt | ||
| 005 | 20220923222428.0 | ||
| 006 | a|||||r|||| 00| 0 | ||
| 007 | ta | ||
| 008 | 220922b |||||||| |||| 00| 0 hin d | ||
| 024 | _a204,892 | ||
| 037 | _cTextual | ||
| 040 |
_aARTS _cARTS _bhin |
||
| 041 |
_2hin _ahin |
||
| 082 | _aO44,1:g, 152L5 | ||
| 100 | _aसतीश कुमार | ||
| 245 | 0 | _aभारतीय काव्यशास्त्र-मीमांसा | |
| 246 | _aBhāratīya kāvyashāstra-mīmāansā | ||
| 250 | _aसंस्क 2 | ||
| 260 |
_aदिल्ली _b रीगल बुक डिपो _c1975 |
||
| 300 |
_a230पृ. _ccm. |
||
| 942 |
_hO44,1:g, 152L5 _cTEXL _2CC |
||
| 999 |
_c355640 _d355640 |
||